1838 1568 1809 1646 1309 1574 1593 1627 1968 1166 1579 1269 1135 1437 1988 1493 1200 1927 1818 1183 1549 1604 1360 1163 1914 1865 1614 1240 1330 1041 1307 1142 1595 1517 1642 1540 1457 1333 1374 1145 1825 1781 1144 1188 1700 1792 1764 1515 1003 1772 1732 1837 1455 1006 1666 1118 1162 1931 1922 1781 1347 1629 1507 1469 1175 1155 1553 1096 1162 1839 1256 1320 1857 1725 1368 1400 1078 1827 1172 1095 1537 1254 1243 1097 1455 1234 1893 1129 1805 1528 1360 1889 1957 1024 1010 1475 1370 1637 1081 BCNSPRNW ULIB Ver.6.0+V

เปลี่ยนเป็นภาษาไทย

Change to English
 แสดงรายละเอียดบรรณานุกรม
  กลับหน้าหลัก

Brief Record : Get Marc (ISO 2709) : E-mail record : QR code < ปิดหน้าต่าง
LEADER : 00000nam 2200000uu 4500
001    13399108809
003     ULIB
008    110315s2543||||th 000 0 tha d
020    9743333797
060 04 W50^bจ167 2543
245 00 จริยธรรมในเวชปฎิบัติ /^cสุขิต เผ่าสวัสดิ์ ... [และคนอื่นๆ]
260    กรุงเทพฯ :^bโรงพิมพ์แห่งจุฬาลงกรณ์มหาวิทยาลัย,^c2543
300    ก-ซ, 281 หน้า ;^c26 ซม.
591    LISI มีปี 2543, 2545
591    LIRA มีปี 2543, 2545, 2546
650  2 Ethics Medical
650  7 จรรยาบรรณแพทย์
700 0  สุขิต เผ่าสวัสดิ์
945    ^p150^l0^i017672
945    ^p150^l0^i015188
995    ทศพร
999 ^a ใช้งานได้ทุกระบบ
รายการนี้ยังไม่มีแท็ก
คุณยังไม่ได้ล็อกอิน คุณสามารถมีกิจกรรมร่วมกับเว็บไซต์ได้ แต่ต้องล็อกอินก่อน ::
  ล็อกอิน

รายการสื่อสารสนเทศ

ลำดับที่ ประเภท เลขเรียก/บาร์โค้ด สถานที่ สถานะ
- ไม่พบข้อมูล -

รายการใกล้เคียง
    หัวเรื่อง [จรรยาบรรณแพทย์]

BibComment


ยังไม่เคยถูกคอมเมนท์

คอมเมนท์ทรัพยากรรายการนี้
  คอมเมนท์: จริยธรรมในเวชปฎิบ..


 Copyright 2026. Bcnsprnw @Library